| 000 -ლიდერი |
| ფიქსირებული სიგრძის საკონტროლო ველი |
01030nam a22002057a 4500 |
| 003 - საკონტროლო ნომრის იდენტიფიკატორი |
| საკონტროლო ველი |
Ge_BSU |
| 005 - ბოლო ოპერაციის თარიღი და დრო |
| საკონტროლო ველი |
20220621142144.0 |
| 008 - ფიქსირებული სიგრძის მონაცემთა ელემენტები - ზოგადი ინფორმაცია |
| ფიქსირებული სიგრძის საკონტროლო ველი |
220621s2021 ge ||||| |||| 00| 0 geo d |
| 020 ## - წიგნის საერთაშორისო სტანდარტული ნომერი |
| International Standard Book Number |
9789941307232 |
| 041 ## - ენის კოდი |
| Language code of text/sound track or separate title |
geo |
| 080 ## - უნივერსალური ათობითი კლასიფიკაციის ინდექსი |
| Universal Decimal Classification number |
327(4)(09) შ-24 |
| 100 ## - მთავარი ჩანაწერი - პიროვნების სახელი |
| Personal name |
შარაშენიძე, თორნიკე |
| 9 (RLIN) |
14180 |
| 245 ## - ცნობა სათაურის შესახებ |
| Title |
დიპლომატიის ისტორია, 1920-1939 / |
| Statement of responsibility, etc |
თორნიკე შარაშენიძე ; რედაქტორი ნინო გოგალაძე ; დიზაინერი ია მახათაძე. |
| 264 ## - წარმოების, გამოცემის, დისტრიბუციის და სხვა ცნობები |
| გამოცემის, წარმოების, დისტრიბუციის... ადგილი |
თბილისი : |
| გამოცემის, წარმოების, დისტრიბუციის... სახელწოდება |
ბაკურ სულაკაურის გამ-ბა, |
| გამოცემის, წარმოების, დისტრიბუციის... თარიღი |
2021. |
| 300 ## - ფიზიკური აღწერა |
| Extent |
292 გვ.; |
| Other physical details |
სურ. ; |
| Dimensions |
22 სმ. |
| 653 ## - INDEX TERM--UNCONTROLLED |
| Uncontrolled term |
დიპლომატიის ისტორია |
| 700 ## - ADDED ENTRY--PERSONAL NAME |
| Personal name |
გოგალაძე, ნინო |
| Relator term |
რედაქტორი |
| 9 (RLIN) |
12334 |
| 700 ## - ADDED ENTRY--PERSONAL NAME |
| Personal name |
მახათაზე, ია |
| Relator term |
დიზაინერი |
| 9 (RLIN) |
14194 |
| 942 ## - ADDED ENTRY ELEMENTS (KOHA) |
| Source of classification or shelving scheme |
|
| Koha item type |
წიგნი |